[Event "Rottach Egern Seniors Cup 12th"]
[Site "Rottach Egern"]
[Date "2024.04.06"]
[Round "1"]
[White "Sombetzki, Detlef"]
[Black "Prueske, Wolfgang"]
[Result "1/2-1/2"]
[WhiteElo "1748"]
[BlackElo "1961"]
[PlyCount "41"]
[EventDate "2024.04.06"]
[EventType "swiss"]
[EventRounds "9"]
[EventCountry "GER"]
[SourceTitle "CB16_2024"]
[SourceDate "2024.04.17"]
[SourceVersion "1"]
[SourceVersionDate "2024.04.17"]
[SourceQuality "1"]

1. d4 d5 2. Bf4 c5 3. c3 Nc6 4. e3 Qb6 5. Qc2 cxd4 6. exd4 Nf6 7. Nd2 g6 8. Bd3 Bg7 9. h3 0-0 10. Ngf3 Nh5 11. Bh2 Bh6 12. g4 Nf4 13. Bf1 f6 14. 0-0-0 Be6 15. Re1 Nb4 16. Qb1 Rac8 17. Kd1 Na6 18. Bg3 Qc6 19. Bxf4 Bxf4 20. Bd3 Rf7 21. Nh4 1/2-1/2

[Event "Wch Seniors 65 30th"]
[Site "Assisi"]
[Date "2022.11.16"]
[Round "2"]
[White "Ponce Navalon, Jose"]
[Black "Prueske, Wolfgang"]
[Result "1-0"]
[WhiteElo "2134"]
[BlackElo "1977"]
[PlyCount "45"]
[EventDate "2022.11.15"]
[EventType "swiss"]
[EventRounds "11"]
[EventCountry "ITA"]
[SourceTitle "CBM 211 Extra"]
[Source "ChessBase"]
[SourceDate "2023.01.31"]
[SourceVersion "1"]
[SourceVersionDate "2023.01.31"]
[SourceQuality "1"]

1. e4 c6 2. c4 d5 3. exd5 cxd5 4. cxd5 Qxd5 5. Nc3 Qd8 6. Bc4 Nf6 7. Nf3 e6 8. 0-0 Be7 9. d4 0-0 10. Qe2 Nc6 11. Rd1 Nb4 12. Bg5 Nbd5 13. Rac1 a6 14. Ne5 Qd6 15. Bb3 Re8 16. Rd3 h6 17. Bd2 Bf8 18. Rg3 g6 19. Qf3 Bg7 20. Rh3 Ne7 21. Ne4 Nxe4 22. Qxf7+ Kh7 23. Rxh6# 1-0

[Event "Dortmund Sparkassen op 47th"]
[Site "Dortmund"]
[Date "2019.07.19"]
[Round "7"]
[White "Prueske, Wolfgang"]
[Black "Quast, Marcel"]
[Result "1/2-1/2"]
[WhiteElo "1961"]
[BlackElo "2248"]
[PlyCount "68"]
[EventDate "2019.07.13"]
[EventType "swiss"]
[EventRounds "9"]
[EventCountry "GER"]
[SourceTitle "EXT 2020"]
[Source "ChessBase"]
[SourceDate "2019.10.17"]
[SourceVersion "1"]
[SourceVersionDate "2019.10.17"]
[SourceQuality "1"]

1. e4 e5 2. Nf3 d6 3. d4 exd4 4. Nxd4 Nf6 5. Nc3 Be7 6. g3 0-0 7. Bg2 Nc6 8. 0-0 Bg4 9. f3 Bd7 10. b3 Qc8 11. Bb2 Nxd4 12. Qxd4 c5 13. Qd2 b5 14. f4 b4 15. Nd5 Nxd5 16. exd5 Bf5 17. Rfe1 Qd8 18. Be4 Bf6 19. c3 bxc3 20. Bxc3 Bxc3 21. Qxc3 Qd7 22. Qd3 Bxe4 23. Rxe4 a5 24. Rae1 a4 25. Re7 Qd8 26. f5 Qb6 27. Qe3 Qb4 28. Re4 Qa3 29. f6 Qb2 30. Rf1 Kh8 31. Rf2 Qa1+ 32. Rf1 Qb2 33. Rf2 Qa1+ 34. Rf1 Qb2 1/2-1/2

[Event "Lanzarote op"]
[Site "Lanzarote"]
[Date "2019.06.27"]
[Round "6"]
[White "Valmana Canto, Jaime"]
[Black "Prueske, Wolfgang"]
[Result "1-0"]
[WhiteElo "2401"]
[BlackElo "1959"]
[PlyCount "83"]
[EventDate "2019.06.24"]
[EventType "swiss"]
[EventRounds "9"]
[EventCountry "ESP"]
[SourceTitle "CBM 191 Extra"]
[Source "ChessBase"]
[SourceDate "2019.09.30"]
[SourceVersion "1"]
[SourceVersionDate "2019.09.30"]
[SourceQuality "1"]

1. e4 c6 2. d4 d5 3. e5 Bf5 4. h4 h6 5. g4 Bd7 6. h5 Qc8 7. Be2 e6 8. f4 c5 9. c3 c4 10. Nd2 Nc6 11. Nf1 f6 12. Nf3 Nge7 13. Be3 Qc7 14. Bf2 0-0-0 15. Ne3 Kb8 16. Bg3 fxe5 17. fxe5 g5 18. 0-0 Nc8 19. Nd2 Nb6 20. Rf7 Qc8 21. Qc2 Be8 22. Rf2 Be7 23. Raf1 Qd7 24. Qb1 Rc8 25. Nf5 Ka8 26. Nxe7 Qxe7 27. Bd1 Nd7 28. Bc2 Rf8 29. Rxf8 Nxf8 30. Rf6 Qg7 31. Qf1 Bd7 32. Rf7 Qg8 33. Qf6 Re8 34. Bg6 Rc8 35. Bc2 b5 36. Nf3 a5 37. Be1 b4 38. Bd2 Nb8 39. cxb4 Re8 40. bxa5 Bc6 41. Rg7 Qh8 42. Ra7+ 1-0

[Event "Lanzarote op"]
[Site "Lanzarote"]
[Date "2018.06.27"]
[Round "5"]
[White "Prueske, Wolfgang"]
[Black "Lopez Pereyra, Antonio"]
[Result "0-1"]
[WhiteElo "2000"]
[BlackElo "2078"]
[PlyCount "72"]
[EventDate "2018.06.25"]
[EventType "swiss"]
[EventRounds "9"]
[EventCountry "ESP"]
[SourceTitle "CBM 185 Extra"]
[Source "ChessBase"]
[SourceDate "2018.07.29"]
[SourceVersion "1"]
[SourceVersionDate "2018.07.29"]
[SourceQuality "1"]

1. e4 c5 2. d3 Nc6 3. g3 g6 4. Bg2 Bg7 5. f4 d6 6. Nf3 e6 7. c3 Nge7 8. 0-0 0-0 9. Nbd2 Rb8 10. a4 b6 11. Rf2 Ba6 12. Nf1 d5 13. e5 d4 14. c4 Nb4 15. g4 Qd7 16. Ng3 Bb7 17. Qe2 f6 18. Bd2 Bxf3 19. Rxf3 fxe5 20. fxe5 Rxf3 21. Bxf3 Nec6 22. Bxc6 Nxc6 23. Bf4 Rf8 24. Qe4 g5 25. Bxg5 Nxe5 26. Rf1 Rxf1+ 27. Nxf1 Qxa4 28. Bf4 Qc6 29. Qxc6 Nxc6 30. Kf2 Kf7 31. Kf3 Be5 32. Ke4 Bxf4 33. Kxf4 e5+ 34. Ke4 Ke6 35. Nd2 Nd8 36. Nf3 Nf7 0-1

[Event "Bayern-chI Bank Hofmann 21st"]
[Site "Tegernsee"]
[Date "2017.10.29"]
[Round "2"]
[White "Tonndorf, Matthias"]
[Black "Prueske, Wolfgang"]
[Result "1-0"]
[WhiteElo "2285"]
[BlackElo "2046"]
[PlyCount "77"]
[EventDate "2017.10.28"]
[EventType "swiss"]
[EventRounds "9"]
[EventCountry "GER"]
[SourceTitle "CBM 181 Extra"]
[Source "ChessBase"]
[SourceDate "2017.12.12"]
[SourceVersion "1"]
[SourceVersionDate "2017.12.12"]
[SourceQuality "1"]

1. e4 c6 2. d4 d5 3. e5 Bf5 4. Nf3 e6 5. Be2 Nd7 6. 0-0 f6 7. c4 fxe5 8. dxe5 Bc5 9. Nbd2 Ne7 10. Nb3 Bb6 11. Nbd4 Bxd4 12. Nxd4 Nxe5 13. g4 c5 14. gxf5 cxd4 15. cxd5 Qxd5 16. f4 N5c6 17. fxe6 Qxe6 18. f5 Nxf5 19. Bh5+ g6 20. Re1 Ne3 21. Bxe3 dxe3 22. Bg4 Qe7 23. Qb3 Kf8 24. Rxe3 Qc5 25. Rf1+ Kg7 26. Qf7+ Kh6 27. Qf4+ Kg7 28. Qf6+ Kh6 29. Qf4+ Kg7 30. Qf6+ Kh6 31. Rff3 Qc1+ 32. Kg2 Qd2+ 33. Kf1 Qc1+ 34. Kf2 Qd2+ 35. Kg3 Rhf8 36. Qh4+ Kg7 37. Re7+ Nxe7 38. Qxe7+ Kh6 39. Rxf8 1-0

[Event "Douglas IoM op"]
[Site "Douglas"]
[Date "2017.09.23"]
[Round "1"]
[White "Deac, Bogdan Daniel"]
[Black "Prueske, Wolfgang"]
[Result "1-0"]
[WhiteElo "2559"]
[BlackElo "2046"]
[PlyCount "63"]
[EventDate "2017.09.23"]
[EventType "swiss"]
[EventRounds "9"]
[EventCountry "IOM"]
[SourceTitle "CBM 181"]
[Source "ChessBase"]
[SourceDate "2017.11.10"]
[SourceVersion "1"]
[SourceVersionDate "2017.11.10"]
[SourceQuality "1"]

1. d4 d5 2. c4 Nc6 3. Nc3 e6 4. Nf3 Nf6 5. Bg5 Bb4 6. cxd5 exd5 7. Qb3 h6 8. Bxf6 Qxf6 9. Qxd5 0-0 10. e3 Rd8 11. Qb5 a6 12. Qd3 Bf5 13. Qd2 Bg4 14. Be2 Ne7 15. a3 Ba5 16. b4 Bb6 17. 0-0 c6 18. Qc2 Bc7 19. Ne4 Qe6 20. Nc5 Qc8 21. Rab1 b6 22. Nb3 Qe6 23. Rfc1 Bf5 24. Bd3 Bxd3 25. Qxd3 f5 26. g3 Rd5 27. a4 Bd6 28. Nbd2 a5 29. Nc4 Bc7 30. bxa5 bxa5 31. Rb7 Qc8 32. Rcb1 1-0